Juicio al mal absoluto /

Guardado en:
Autor Principal: Nino, Carlos S.
Formato: Libro
Idioma:Undetermined
Publicado: Buenos Aires : Emecé, 1997.
Edición:1a. ed.
Materias:
Etiquetas: Agregar Etiqueta
Sin Etiquetas, Sea el primero en etiquetar este registro!
LEADER 00585nam a22001935a 4500
001 DER.der015024
008 240813s1997####ag############000#0#und#d
005 20240813114134.0
245 1 0 |a Juicio al mal absoluto /  |c Carlos S. Nino. 
250 |a 1a. ed. 
260 |a Buenos Aires :  |b Emecé,  |c 1997. 
300 |a 293 p. 
500 |a Los fundamentos y la historia del juicio a las juntas del proceso. 
020 |a 9500417421 
100 1 |a Nino, Carlos S. 
650 7 |a DERECHOS HUMANOS 
650 7 |a LESA HUMANIDAD 
650 7 |a DICTADURA ARGENTINA 
859 |a DERECHO  |b BIB. DERECHO  |h 860  |i NIN  |p 0010469